000 01350nam a2200361 a 4500
001 ebr10675106
003 CaPaEBR
006 m u
007 cr cn|||||||||
008 101004s2010 nyua sb 001 0 eng d
010 _z 2010484106
020 _z9781616681968 (pbk.)
020 _z1616681969 (pbk.)
020 _z9781616684945 (e-book)
040 _aCaPaEBR
_cCaPaEBR
035 _a(OCoLC)832314763
050 1 4 _aQD323
_b.F65 2010eb
100 1 _aFollain, Nadege.
245 1 0 _aAmines grafted cellulose materials
_h[electronic resource] /
_cNadege Follain.
260 _aNew York :
_bNova Science Publishers,
_cc2010.
300 _aviii, 68 p. :
_bill.
490 1 _aMaterials science and technologies
490 1 _aNovinka
504 _aIncludes bibliographical references (p. [57]-62) and index.
533 _aElectronic reproduction.
_bPalo Alto, Calif. :
_cebrary,
_d2013.
_nAvailable via World Wide Web.
_nAccess may be limited to ebrary affiliated libraries.
650 0 _aCellulose
_xOxidation.
650 0 _aAmines.
655 7 _aElectronic books.
_2local
710 2 _aebrary, Inc.
830 0 _aMaterials science and technologies series.
830 0 _aNovinka (Series)
856 4 0 _uhttp://site.ebrary.com/lib/rucke/Doc?id=10675106
_zAn electronic book accessible through the World Wide Web; click to view
999 _c57421
_d57421